Filmy i aktorzy z czasów PRL-u. - Statystyki

Ogólne statystyki
  • Ten quiz został rozwiązany 170 razy
  • Średni wynik to 11 z 24
Statystyki odpowiedzi
Film Aktor % Poprawnych
Potop (1974)reż. Jerzy Hoffman Daniel Olbrychski
84%
Vabank (1981)reż. Juliusz Machulski Jan Machulski
73%
Popiół i diament (1958)reż. Andrzej Wajda Zbigniew Cybulski
72%
Znachor (1981)reż. Jerzy Hoffman Jerzy Bińczycki
70%
Poszukiwany, poszukiwana (1972)reż. Stanisław Bareja Wojciech Pokora
66%
Wielki Szu (1982)reż. Sylwester Chęciński Jan Nowicki
61%
Pan Wołodyjowski (1968)reż. Jerzy Hoffman Tadeusz Łomnicki
61%
Faraon (1966)reż. Jerzy Kawalerowicz Jerzy Zelnik
57%
Jak rozpętałem drugą wojnę światową (1969)reż. Tadeusz Chmielewski Marian Kociniak
57%
Amator (1979)reż. Krzysztof Kieślowski Jerzy Stuhr
49%
Zezowate szczęście (1960)reż. Andrzej Munk Bogumił Kobiela
45%
Żywot Mateusza (1967)reż. Witold Leszczyński Franciszek Pieczka
43%
Ogniomistrz Kaleń (1961)reż. Ewa i Czesław Petelscy Wiesław Gołas
40%
Prawo i pięść (1964)reż. Jerzy Hoffman Gustaw Holoubek
39%
Lalka (1968)reż. Wojciech J. Has Mariusz Dmochowski
38%
Mąż swojej żony (1960)reż. Stanisław Bareja Bronisław Pawlik
36%
Nikodem Dyzma (1956)reż. Jan Rybkowski Adolf Dymsza
34%
Pociąg (1959)reż. Jerzy Kawalerowicz Leon Niemczyk
29%
Matka Joanna od Aniołów (1960)reż. Jerzy Kawalerowicz Mieczysław Voit
26%
Sól ziemi czarnej (1969)reż. Kazimierz Kutz Olgierd Łukaszewicz
26%
Hubal (1973)reż. Bohdan Poręba Ryszard Filipski
24%
Bez znieczulenia (1978)reż. Andrzej Wajda Zbigniew Zapasiewicz
20%
Człowiek na torze (1956)reż. Andrzej Munk Kazimierz Opaliński
16%
Pożegnania (1958)reż. Wojciech J. Has Tadeusz Janczar
14%
Nie znaleziono quizów pasujących do podanych kryteriów
Rozkład punktacji
Procent ludzi z każdym wynikiem
Percentyl według liczby udzielonych odpowiedzi
Twoja historia wyników
Nie rozwiązałeś tego quizu